Quiz on the Year 2005 - Statistics

General Stats
  • This quiz has been taken 23,493 times
  • The average score is 12 of 18
Answer Stats
Hint Answer % Correct
Hurricane which devastated New Orleans Katrina
85%
Country which announced that it has nuclear weapons North Korea
85%
Website which released its first video entitled "Me at the zoo" Youtube
83%
Woman who began her 16 year tenure as chancellor of Germany Angela Merkel
81%
Book by Stephenie Meyer about a teen girl who falls in love with a vampire Twilight
78%
17 year old soccer phenom who scored his first goal for Barcelona Lionel Messi
75%
Movie about gay cowboys which debuted in theaters Brokeback Mountain
73%
Woman who married Prince Charles Camilla Parker Bowles
73%
Mockumentary TV show which debuted in the U.S. four years after the British version it was based on The Office
71%
Rapper who recorded the song "Gold Digger" Kanye West
70%
Cyclist who won his seventh consecutive Tour de France (*) Lance Armstrong
70%
Pope who died after a reign of 26 years John Paul II
69%
Company which released the A380 – the world's largest passenger aircraft Airbus
65%
Actress who got divorced from Brad Pitt Jennifer Aniston
64%
British TV show which featured David Tennant for the first time Doctor Who
55%
City which suffered 52 deaths due to terrorist bombings on July 7 London
53%
Body part which French surgeons transplanted in a historic operation Face
45%
Dwarf planet which was discovered and named for the Greek goddess of discord Eris
26%
No matching quizzes found
Score Distribution
Percent of People with Each Score
Percentile by Number Answered
Your Score History
You have not taken this quiz